MyGZULibrary

lands and peoples of East Africa/ (Record no. 1460)

MARC details
000 -LEADER
fixed length control field 00818cam a22002891 4500
001 - CONTROL NUMBER
control field 8431129
003 - CONTROL NUMBER IDENTIFIER
control field GZU
005 - DATE AND TIME OF LATEST TRANSACTION
control field 20201015144711.0
008 - FIXED-LENGTH DATA ELEMENTS--GENERAL INFORMATION
fixed length control field 770516s1960 enka 000 0 eng
010 ## - LIBRARY OF CONGRESS CONTROL NUMBER
LC control number 61001747
015 ## - NATIONAL BIBLIOGRAPHY NUMBER
National bibliography number GB60-13453
020 ## - INTERNATIONAL STANDARD BOOK NUMBER
International Standard Book Number 0582603641
035 ## - SYSTEM CONTROL NUMBER
System control number (OCoLC)2969624
040 ## - CATALOGING SOURCE
Original cataloging agency DLC
Transcribing agency OTU
Modifying agency NN
-- Uk
-- DLC
042 ## - AUTHENTICATION CODE
Authentication code premarc
043 ## - GEOGRAPHIC AREA CODE
Geographic area code fe-----
050 00 - LIBRARY OF CONGRESS CALL NUMBER
Classification number HC427.92
Item number HIC 1960
082 ## - DEWEY DECIMAL CLASSIFICATION NUMBER
Classification number 916.76
100 1# - MAIN ENTRY--PERSONAL NAME
Personal name Hickman, G. M.
Fuller form of name (Gladys Minnie)
245 14 - TITLE STATEMENT
Title lands and peoples of East Africa/
Statement of responsibility, etc. Gladys Hickman
260 ## - PUBLICATION, DISTRIBUTION, ETC.
Place of publication, distribution, etc. [London]
Name of publisher, distributor, etc. Longmans
Date of publication, distribution, etc. [c1960]
300 ## - PHYSICAL DESCRIPTION
Extent 232 p.
Other physical details illus.
Dimensions 23 cm.
651 #0 - SUBJECT ADDED ENTRY--GEOGRAPHIC NAME
Geographic name Africa, East
General subdivision Description and travel.
700 1# - ADDED ENTRY--PERSONAL NAME
Personal name Dickins, William H. G.
906 ## - LOCAL DATA ELEMENT F, LDF (RLIN)
a 7
b cbc
c oclcrpl
d u
e ncip
f 19
g y-gencatlg
942 ## - ADDED ENTRY ELEMENTS (KOHA)
Source of classification or shelving scheme Library of Congress Classification
Koha item type Books
Classification part 427.92
Item part HIC
Call number prefix HC
Holdings
Withdrawn status Lost status Damaged status Not for loan Collection code Home library Current library Shelving location Date acquired Total Checkouts Full call number Barcode Date last seen Copy number Price effective from Koha item type
        Non-fiction City Campus Library City Campus Library General Stacks 10/15/2020   HC 427.92 HIC 1960 BO15507 10/15/2020 C.1 10/15/2020 Books
        Non-fiction City Campus Library City Campus Library General Stacks 10/15/2020   HC 427.92 HIC 1960 XXXXXXXX 10/15/2020 C.2 10/15/2020 Books